Programa de gobierno, 1974-1978
সংরক্ষণ করুন:
| সংস্থা লেখক: | |
|---|---|
| বিন্যাস: | পাঠ্য |
| প্রকাশিত: |
San José:
Gráfica Litho-Offset
|
| ট্যাগগুলো: |
ট্যাগ যুক্ত করুন
কোনো ট্যাগ নেই, প্রথমজন হিসাবে ট্যাগ করুন!
|
MARC
| LEADER | 00000 a a2200000 04500 | ||
|---|---|---|---|
| 001 | 17749 | ||
| 003 | |||
| 040 | |||
| 090 | |a EXTRAVIADO | ||
| 110 | |a Partido Liberación Nacional (Costa Rica) | ||
| 245 | |a Programa de gobierno, 1974-1978 | ||
| 260 | |a San José: |b Gráfica Litho-Offset | ||
| 300 | |a p. varia. | ||
| 999 | |c 6602 |d 6602 | ||
